| 000 | 00736nam a22002297a 4500 | ||
|---|---|---|---|
| 008 | 230929b ag ||||| |||| 00| 0 spa d | ||
| 040 | _aAR-FvUNAJ | ||
| 082 |
_214 _a302 |
||
| 100 | 1 |
_918814 _aOlmsted, Michael S. |
|
| 245 | 1 | 3 |
_aEl pequeño grupo / _cMichael S. Olmsted |
| 250 | _a8a ed. | ||
| 260 |
_aBuenos Aires : _bPaidós, _c1978. |
||
| 300 | _a187 p. | ||
| 440 |
_98773 _aBiblioteca del Hombre Contemporáneo _v61 |
||
| 500 | _aTítulo del original inglés: The small group | ||
| 500 | _aTraducción de Angel F. Nebbia | ||
| 650 | 2 | 7 |
_2unescot _9693 _aSOCIOLOGIA |
| 650 | 2 | 7 |
_2unescot _94923 _aDINAMICA DE GRUPO |
| 650 | 2 | 7 |
_2unescot _91808 _aGRUPOS SOCIALES |
| 942 |
_2ddc _cLIBRO |
||
| 980 |
_621568 _a Nuñez _821568 _g Nuñez |
||
| 999 |
_c9554 _d9554 |
||